L'aménagement des écossystèmes agro-piscicoles d'eau douce en milieu tropical Séminaire; Bruxelles, 16-19 mai 1994
Bewaard in:
| Formaat: | Boek |
|---|---|
| Taal: | Undetermined |
| Gepubliceerd in: |
Bruxelles
CTA
1995
|
| Onderwerpen: | |
| Tags: |
Voeg label toe
Geen labels, Wees de eerste die dit record labelt!
|
| Thư viện lưu trữ: | Trung tâm Học liệu Trường Đại học Cần Thơ |
|---|
| LEADER | 00543nam a2200169Ia 4500 | ||
|---|---|---|---|
| 001 | CTU_42761 | ||
| 008 | 210402s9999 xx 000 0 und d | ||
| 082 | |a 577.55 | ||
| 082 | |b A511/1994 | ||
| 245 | 0 | |a L'aménagement des écossystèmes agro-piscicoles d'eau douce en milieu tropical | |
| 245 | 0 | |b Séminaire; Bruxelles, 16-19 mai 1994 | |
| 260 | |a Bruxelles | ||
| 260 | |b CTA | ||
| 260 | |c 1995 | ||
| 650 | |a agricultural ecology | ||
| 904 | |i Nguyễn Quang Điền, 010704 | ||
| 980 | |a Trung tâm Học liệu Trường Đại học Cần Thơ | ||